Classifica Marcatori UEFA Champions League 2016-2017 - Statistics

Statistiche generali
  • Questo quiz è stato fatto 60 volte
  • Il punteggio medio è 18 su 22
Statistiche sulle risposte
Gol Nazione Squadra Calciatore % Corretto
12 Portogallo Real Madrid Cristiano Ronaldo
100%
11 Argentina Barcellona Lionel Messi
100%
6 Francia Atletico Madrid Antoine Griezmann
98%
5 Belgio Napoli Dries Mertens
98%
8 Polonia Bayern Monaco Robert Lewandowski
98%
8 Uruguay Paris Saint-Germain Edinson Cavani
96%
5 Argentina Juventus Gonzalo Higuain
96%
5 Francia Real Madrid Karim Benzema
96%
6 Francia Monaco Kylian Mbappé
94%
4 Germania Borussia Dortmund Marco Reus
94%
4 Argentina Juventus Paulo Dybala
94%
7 Gabon Borussia Dortmund Pierre-Emerick Aubameyang
93%
5 Argentina Manchester City Sergio Agüero
93%
4 Brasile Barcellona Neymar
91%
4 Algeria Leicester City Riyad Mahrez
91%
4 Germania Arsenal Mesut Özil
83%
5 Colombia Monaco Radamel Falcao
80%
4 Argentina Paris Saint-Germain Ángel Di María
74%
4 Turchia Barcellona Arda Turan
74%
4 Spagna Atletico Madrid Saúl Ñíguez
35%
4 Inghilterra Arsenal Theo Walcott
31%
4 Portogallo Porto André Silva
20%
Nessun quiz corrispondente trovato
Distribuzione punteggi
Percentuale di utenti per punteggio
Percentile per numero di risposta
I tuoi punteggi nel tempo
Non hai fatto questo quiz